000 01702nam0a2200289 4500
001 RU\NLR\bibl\314069
005 20250621141245.0
035 _a(NLR Aleph) 000309168
090 _a29444
_c29444
100 _a20021003d1997 |||y0rusy50 ca
101 0 _arus
102 _aRU
105 _ay |||||||||
200 1 _aПособие по временной нетрудоспособности
_eПравовые вопр.
_eУчеб.-метод. пособие
_e[Для практ. работников, преподавателей, аспирантов и студентов спец. 06.10 - "Гос. и муницип. упр.", 06.11 - "Менеджмент", 02.11 - "Юриспруденция"]
_fР.С. Гарипов
_g[Урал. акад. гос. службы]
210 _aЕкатеринбург
_cУрАГС
_d1997
215 _a147 с.
_d21
320 _aБиблиогр.: с. 135-147 и в подстроч. прим.
606 0 _aПособия по временной нетрудоспособности
_jРуководства, пособия и т.п.
_xПравовые вопросы
_yРоссийская Федерация
_92280327
_3RU\NLR\auth\661366249
606 0 _aПособия по временной нетрудоспособности
_jУчебно-методические пособия
_xПравовые вопросы
_yРоссийская Федерация
_92280327
_3RU\NLR\auth\661366249
686 _aХ627.621.1я7
700 1 _aГарипов
_bР. С.
_gРафик Садыкович
_4070
801 0 _aRU
_bNLR
_c20021003
_gPSBO
801 1 _aRU
_bNLR
_c20021003
830 _aАвт. по кн.
942 _cBOOK
980 _aNB